000 01727nam0a2200361 4500
001 RU\NLR\bibl\964297
005 20260405112333.0
010 _a5-9589-011-7
_91000
021 _aRU
_b2006-26369
_91309
035 _a(NLR Aleph) 000952307
090 _a287433
_c287433
100 _a20060703d2006 |||y0rusy50 ca
101 0 _arus
_aeng
102 _aRU
105 _ay |||||||||
200 1 _aУголовное расследование
_dCriminal investigation
_eангло-русский словарь
_e[термины и определения
_eсвыше 300 терминов]
_fГ.Н. Ермоленко
_g[Московская государственная юридическая академия]
_zeng
210 _aМосква
_cЮРКНИГА
_d2006
215 _a47 с.
_d20
510 1 _6z77790
_aCriminal investigation
_zeng
606 1 _aАнглийский язык
_xТерминология юридическая
_xСловари
_xРусский язык
_92342237
_3RU\NLR\auth\661399949
606 1 _aПреступления
_jТерминологические словари
_xРасследование
_9899448
_3RU\NLR\auth\666590
686 _aХ629.372я212
686 _aХ894.3я212
686 _aШ143.21-434.1
686 _aШ141.12-434.2
700 1 _4070
_8rus
_7ca
_aЕрмоленко
_bГ. Н.
_cканд. психол. наук
_gГалина Николаевна
_3RU\NLR\auth\7743206
_926149
790 1 _4070
_8rus
_7ba
_aErmolenko
_bG. N.
_cканд. психол. наук
_gGalina Nikolaevna
_3RU\NLR\auth\7743207
_926150
801 0 _aRU
_bNLR
_c20060703
_grcr
801 1 _aRU
_bNLR
_c20060703
830 _aавт. по кн.
942 _cBOOK
980 _aNB